Applied automata theory /
Guardado en:
| Autor Corporativo: | |
|---|---|
| Otros Autores: | |
| Formato: | Libro |
| Idioma: | English |
| Publicado: |
New York :
Academic Press,
1968.
|
| Series: | Electrical science
|
| Etiquetas: |
Agregar Etiqueta
Sin Etiquetas, Sea el primero en etiquetar este registro!
|
| LEADER | 01388cam a22002175 4500 | ||
|---|---|---|---|
| 001 | MAT.inmabb002095 | ||
| 008 | 690228s1968####nyua#####b####001#0#eng#d | ||
| 005 | 20160602164424.0 | ||
| 245 | 0 | 0 | |a Applied automata theory / |c edited by Julius T. Tou. |
| 260 | |a New York : |b Academic Press, |c 1968. | ||
| 300 | |a xi, 330 p. : |b il. ; |c 24 cm. | ||
| 490 | 0 | |a Electrical science | |
| 500 | |a "The out-growth of the lecture series ... organized in the summer of 1967 by the Dept. of Electrical Engineering of the Ohio State University." | ||
| 504 | |a Incluye bibliografías. | ||
| 505 | 0 | 0 | |t Algebraic foundations for automata theory / |r F. Hohn -- |t An introduction to regular expressions / |r R. McNaughton -- |t Stochastic automata and discrete systems theory / |r J. T. Tou -- |t Switching networks as models of discrete stochastic processes / |r J. N. Warfield -- |t Applications of automata theory in coding / |r J. L. Massey -- |t Content addressable and distributed logic memories / |r C. Lee -- |t Recursive functions and switching-circuit theory / |r R. S. Ledley -- |t Synthesis of a cellular computer / |r C. Lee -- |t Fundamentals of threshold logic / |r R. O. Winder. |
| 510 | 4 | |a MR, |c 39 #8018 | |
| 700 | 1 | |a Tou, Julius T., |d 1926- |4 edt | |
| 710 | 1 | |a Ohio. |b State University, Columbus. |b Dept. of Electrical Engineering. | |
| 084 | |a 68Q45 (68-06) |2 msc2000 | ||
| 010 | |a 68026634 | ||
| 859 | |h 68 |i Ap652a |p A-3747 |b BIB. MATEMATICA | ||
